00629cam a22002171 4500001001300000003000400013005001700017008004100034010001700075035002000092040004900112042001200161050002400173100002600197245002300223250002900246260003000275300005500305600003600360999001500396af 47006015 DLC20260227110835.0960531s1944 be ch 000 0bdut c aaf 47006015  a(OCoLC)34833196 aNew York. Public LibrarycNNdNNdOCoLCdDLC apremarc00aPT6458.V44bZ9 19441 aVansina, Dirk,d1894-10aCyriel Verschaeve. a3., bijgewerkte uitgave. aBrugge,bZeemeeuw,c1944. a140 p., 1 l. incl. front.bports., facsim.c21 cm.10aVerschaeve, Cyriel,d1874-1949. c3384d3384